Los ocho libros de la Medicina / (Record no. 185505)
[ view plain ]
| 000 -LEADER | |
|---|---|
| campo de control de longitud fija | 01042nam a2200265 i 4500 |
| 001 - NÚMERO DE CONTROL | |
| campo de control | 185505 |
| 003 - IDENTIFICADOR DE NÚMERO DE CONTROL | |
| campo de control | SpMaBN |
| 005 - FECHA Y HORA DE LA ÚLTIMA TRANSACCIÓN | |
| campo de control | 20250918183948.0 |
| 008 - DATOS DE LONGITUD FIJA--INFORMACIÓN GENERAL | |
| campo de control de longitud fija | 160614s1966 sp |||| |dspa d |
| 080 ## - NÚMERO DE LA CLASIFICACIÓN DECIMAL UNIVERSAL | |
| Número de la Clasificación Decimal Universal | 61(37) |
| 100 1# - ENTRADA PRINCIPAL--NOMBRE DE PERSONA | |
| Nombre de persona | Celso, Aulo Cornelio. |
| 9 (RLIN) | 149017 |
| 245 14 - MENCIÓN DEL TÍTULO | |
| Título | Los ocho libros de la Medicina / |
| Mención de responsabilidad, etc. | traducción directa del latin, prólogo y notas por Agustin Blánquez. |
| 260 ## - PUBLICACIÓN, DISTRIBUCIÓN, ETC. | |
| Lugar de publicación, distribución, etc. | [Barcelona] : |
| Nombre del editor, distribuidor, etc. | Iberia, |
| Fecha de publicación, distribución, etc. | [1966] |
| 300 ## - DESCRIPCIÓN FÍSICA | |
| Extensión | 2 v. (XVIII, 218 p.; 281 p.) ; |
| Dimensiones | 18 cm. |
| 490 1# - MENCIÓN DE SERIE | |
| Mención de serie | Obras maestras |
| 504 ## - NOTA DE BIBLIOGRAFÍA, ETC. | |
| Nota de bibliografía, etc. | Bibliografía: p. XVII-XVIII. |
| 505 8# - NOTA DE CONTENIDO CON FORMATO | |
| Nota de contenido con formato | Contiene: ; |
| Título | Aurelio Cornelio Celso y sus ocho libros "De Medicina" / |
| Mención de responsabilidad | Agustin Blánquez |
| 650 07 - PUNTO DE ACCESO ADICIONAL DE MATERIA--TÉRMINO DE MATERIA | |
| Término de materia o nombre geográfico como elemento de entrada | Medicina griega y romana |
| Fuente del encabezamiento o término | embne |
| 9 (RLIN) | 14924 |
| 650 #7 - PUNTO DE ACCESO ADICIONAL DE MATERIA--TÉRMINO DE MATERIA | |
| Término de materia o nombre geográfico como elemento de entrada | Medicina antigua |
| Fuente del encabezamiento o término | embne |
| 9 (RLIN) | 159853 |
| 700 1# - ENTRADA AGREGADA--NOMBRE PERSONAL | |
| Nombre de persona | Blánquez Fraile, Agustín, |
| Fechas asociadas al nombre | 1883-1965 |
| 9 (RLIN) | 29329 |
| 740 02 - ENTRADA AGREGADA--TÍTULO RELACIONADO/ANALÍTICO NO CONTROLADO | |
| Título relacionado o analítico no controlado | Aurelio Cornelio Celso y sus ocho libros "De Medicina" |
| 830 0# - PUNTO DE ACCESO ADICIONAL DE SERIE-TÍTULO UNIFORME | |
| Título uniforme | Obras maestras |
| 9 (RLIN) | 181001 |
| 852 ## - LOCALIZACIÓN | |
| Ubicación | ES-MaACL |
| Número de control de estantería | L-30393-94 |
| Nota libre | . - Donat. Miguel A. Velasco |
| Estatus retirado | Estado de pérdida | Estado de daño | No para préstamo | Biblioteca de origen | Biblioteca actual | Ubicación en estantería | Fecha de adquisición | Fuente de adquisición | Total de préstamos | Signatura topográfica completa | Código de barras | Visto por última vez | Precio de reemplazo | Tipo de ítem Koha |
|---|---|---|---|---|---|---|---|---|---|---|---|---|---|---|
| Biblioteca del Ateneo de Madrid | Biblioteca del Ateneo de Madrid | Depósito 2 | 14/06/2016 | L-30393-94 | 1195452 | 23/02/2023 | 23/02/2023 | Libro impreso |
